000 01676nam2a22002651 4500
001 RU\NLR\A1SV\6451
005 20251203152403.2
035 _a(NLR Aleph) 009691989
090 _a13477470
_c13477470
100 _a20090612d1924 u y0rusy50 ca
101 0 _arus
200 1 _aФизико-химические основы жизни
210 _d1924
215 _a100 с.
_cил.
327 1 _a[О физико-химическом анализе и о синтезе жизненных явлений / Л.Л.Васильев
_aХимическая связь между частями тела / А.В.Немилов
_aОбщественность на основе физико-химических свойств организмов / В.А.Вагнер
_aПрогрессивная эволюция и регресс]
461 1 _1001RU\NLR\A1SV\6450
_12000#$aНовые идеи в биологии$eНепериод. изд.$fВыход. под ред. проф. В.А.Вагнера и Е.А.Шульца$vСб.9
_99739637
_cПг.
_d1924-1925
_fВыход. под ред. проф. В.А.Вагнера и Е.А.Шульца
_nОбразование
_oНепериод. изд.
_tНовые идеи в биологии
_vСб.9
702 1 _7ca
_8rus
_aВасильев
_bЛ. Л.
_cд-р биол. наук
_f1891-1965
_gЛеонид Леонидович
_9265801
_3RU\NLR\AUTH\770265857
702 1 _aНемилов
_bА.В.
_f1879-1950
_gАнтон Витальевич
702 1 _aВагнер
_bВ.А.
_f1849-1934
_gВладимир Александрович
801 0 _aRU
_bNLR
_c20090612
852 _aNLR
942 _cBOOK
980 _aA1SV
980 _aNB